Business spotlight Czech edition of business spotlight

Gespeichert in:
Bibliographische Detailangaben
Format: Schriftenreihe
Sprache:Englisch
Veröffentlicht: Praha Economia
Schlagworte:
Tags: Tag hinzufügen
Keine Tags, Fügen Sie das erste Tag hinzu!

MARC

LEADER 00000nas1a2200000$$$4500
001 0107987
005 20230907073538.1
022 |a 1214-8377 
041 0 |a eng 
044 |a CZ 
245 1 0 |a Business spotlight  |b Czech edition of business spotlight 
264 1 |a Praha  |b Economia 
610 2 0 |a podnikanie obchodné 
610 2 0 |a poradenstvo 
610 2 0 |a komunikácia manažérska 
610 2 0 |a rokovania obchodné